000 00865nam a2200265 a 4500
005 20160510164045.0
008 140312b1996 wau||||| |||| 00| 0 eng d
020 _a1569730954
040 _aCO-BoIAVH
_cCO-BoIAVH
041 _aeng
044 _axxu
082 _a333.707
_bA93w
110 2 _aAustralian International Development Assistance Bureau
_967884
245 1 _aWorld directory of country environmental studies
_ban annotated bibliography of natural resource profiles, plans, and strategies
250 _a3 ed.
260 _aWashington
_bWorld Resources Institute
_c1995
300 _a272 paginas
650 1 4 _aRecursos Naturales
_967885
650 1 4 _aEstudios Ambientales
_953014
650 1 4 _aEvaluación Ambiental
_967886
700 _aGordon, Sean
_920698
700 _aTunstall, Daniel B.
_920699
942 _cLIBRO
_2ddc
945 _d2004-03-26
999 _c3775
_d3775